000 00555nam a2200205Ia 4500
003 IIN
005 20250521113626.0
008 231217s2021 xx d 000 0 eng d
020 _cRs.424.00
_a9789394624078
040 _aIIN
_bEnglish
082 _a610.7343
_bBIR
100 1 _aBir, Usha
245 1 _aModel Answer of Community Health Nursing/
_cUsha Bir & Kasturi Mandal
250 _a2nd ed
260 _aKolkata
_bAnanda Publishers
_c2021
300 _axv, 480p.
650 1 _aCommunity Health Nursing
700 1 _aMandal, Kasturi
942 _cBOOK
999 _c1320
_d1320